000 00905nam0a22002651 4500
001 rc\3018214
005 20250806205622.0
035 _a(NLR Aleph) 007160434
090 _a20530
_c20530
100 _a20110926d1944 u y0rusy50 ca
101 0 _arus
102 _aRU
105 _ay z |||||
200 1 _aИнструкция поездному вагонному мастеру
_fНар. ком. путей сообщения
210 _aМосква
_cТрансжелдориздат
_d1944
215 _a12 с.
_d14 см
300 _aБез обл.
712 0 1 _aСССР
_bНародный комиссариат путей сообщения
_3RU\NLR\AUTH\8810086735
_4570
801 0 _aRU
_bNLR
_gpsbo
801 1 _aRU
_bELAR
_2rusmarc
852 _aNLR
_jТ88 Г-2/131
942 _cBOOK
945 _aРоссийская национальная библиотека
980 _aNB
980 _aBV